[Event "Titled Tuesday intern op 08th Sept"]
[Site "Chess.com INT"]
[Date "2020.09.08"]
[Round "3"]
[White "Sharmin, Samiha Shimmi"]
[Black "Saulina, Varvara"]
[Result "0-1"]
[WhiteElo "1812"]
[BlackElo "2240"]
[PlyCount "52"]
[EventDate "2020.09.08"]
[EventType "swiss (blitz)"]
[EventRounds "10"]
[EventCountry "USA"]
[SourceTitle "CBM 198 Extra"]
[Source "ChessBase"]
[SourceDate "2020.11.30"]
[SourceVersion "1"]
[SourceVersionDate "2020.11.30"]
[SourceQuality "1"]

1. e4 c5 2. Nf3 d6 3. d4 cxd4 4. Nxd4 Nf6 5. Nc3 a6 6. Be3 e5 7. Nb3 Be6 8. f3 Be7 9. Qd2 0-0 10. Nd5 Nxd5 11. exd5 Bf5 12. Na5 Qc7 13. c4 Nd7 14. Be2 Bg6 15. 0-0 f5 16. b4 Rac8 17. Rac1 f4 18. Bf2 e4 19. fxe4 Ne5 20. Bd3 Qd7 21. Bb1 f3 22. g3 Qh3 23. Bd4 Bg5 24. Qb2 Bxc1 25. Rxc1 f2+ 26. Kh1 f1Q+ 0-1

[Event "Titled Tuesday intern op 01st Sept"]
[Site "Chess.com INT"]
[Date "2020.09.01"]
[Round "5"]
[White "Mohota, Nisha"]
[Black "Sharmin, Samiha Shimmi"]
[Result "1-0"]
[WhiteElo "2195"]
[BlackElo "1812"]
[PlyCount "81"]
[EventDate "2020.09.01"]
[EventType "swiss (blitz)"]
[EventRounds "10"]
[EventCountry "USA"]
[SourceTitle "CBM 198 Extra"]
[Source "ChessBase"]
[SourceDate "2020.11.30"]
[SourceVersion "1"]
[SourceVersionDate "2020.11.30"]
[SourceQuality "1"]

1. Nf3 d5 2. g3 c5 3. Bg2 Nc6 4. d4 e6 5. 0-0 Nf6 6. c3 Be7 7. Nbd2 0-0 8. Re1 b6 9. e4 dxe4 10. Nxe4 Nxe4 11. Rxe4 Bb7 12. Re1 cxd4 13. Nxd4 Qc7 14. Nb5 Qc8 15. Nd6 Qc7 16. Nxb7 Qxb7 17. Qf3 Rac8 18. Be3 Qc7 19. Rad1 Bf6 20. Bf4 e5 21. Qxc6 Qxc6 22. Bxc6 Rxc6 23. Bxe5 h5 24. Bxf6 Rxf6 25. Rd7 a5 26. h4 Rb8 27. Kg2 g6 28. Ree7 Kg7 29. f4 b5 30. Rb7 Rxb7 31. Rxb7 Rf5 32. Kf3 Kf6 33. Rb6+ Ke7 34. Ke4 a4 35. b3 axb3 36. axb3 Kd7 37. c4 bxc4 38. bxc4 Kc7 39. Rb5 Kc6 40. Rxf5 gxf5+ 41. Kxf5 1-0

[Event "Titled Tuesday intern op 01st Sept"]
[Site "Chess.com INT"]
[Date "2020.09.01"]
[Round "7"]
[White "Sharmin, Samiha Shimmi"]
[Black "Sarkar, Justin"]
[Result "1-0"]
[WhiteElo "1812"]
[BlackElo "2380"]
[PlyCount "65"]
[EventDate "2020.09.01"]
[EventType "swiss (blitz)"]
[EventRounds "10"]
[EventCountry "USA"]
[SourceTitle "CBM 198 Extra"]
[Source "ChessBase"]
[SourceDate "2020.11.30"]
[SourceVersion "1"]
[SourceVersionDate "2020.11.30"]
[SourceQuality "1"]

1. e4 e5 2. Nf3 Nc6 3. Bc4 Bc5 4. 0-0 Nf6 5. d3 a6 6. a4 0-0 7. Re1 d6 8. c3 Ba7 9. Bg5 h6 10. Bh4 Bg4 11. Nbd2 g5 12. Bg3 Nh5 13. Nf1 Kg7 14. h3 Nxg3 15. hxg4 Nxf1 16. Kxf1 h5 17. gxh5 g4 18. Nh2 g3 19. Qg4+ Kh8 20. Qxg3 f5 21. exf5 Rxf5 22. f3 Rxh5 23. Ng4 Qg5 24. Ke2 Rf8 25. Rh1 Rxh1 26. Rxh1+ Kg7 27. Qh3 Qg6 28. Bd5 Ne7 29. Be4 Nf5 30. Bxf5 Rxf5 31. Qh8+ Kf7 32. Rh7+ Ke6 33. Rg7 1-0